000 00258cam a2200109ua 4500
082 _a333.7911
_bWOR/SU
245 _aSurvey of Energy Resources - 1983
250 _a1 /
260 _aUK :
_bWorld Energy Conference ,
_c1983.
300 _a137 ; .
942 _cREF
999 _c6741
_d6741